Normal view
MARC view
- أبو قحف،عبدالسلام
Entry Personal Name
001 - CONTROL NUMBER
- control field: 45841
003 - CONTROL NUMBER IDENTIFIER
- control field: JO-AjAnu
005 - DATE AND TIME OF LATEST TRANSACTION
- control field: 20230606081600.0
008 - FIXED-LENGTH DATA ELEMENTS
- fixed length control field: 230606|| aca||aabn | a|a d
040 ## - CATALOGING SOURCE
- Original cataloging agency: JO-AjAnu
- Transcribing agency: JO-AjAnu
100 ## - HEADING--PERSONAL NAME
- Personal name: أبو قحف،عبدالسلام
670 ## - SOURCE DATA FOUND
- Source citation: Work cat.: (JO-AjAnu)23468: أبو قحف،عبدالسلام, author, سياسات الاعمال والممارسات الادارية في المنظمات الصناعية والتجارية